00631nam a2200193Ia 4500008004100000020001300041082001500054100002500069245003200094250000700126260003500133300002900168500001900197600002100216650005000237942000700287952012800294999001500422240925s9999 xx 000 0 und d a71155546 a006.32 SCH aSchalkoff, Robert J 0aArtificial Neural Networks  aNA aToronto:bMc Graw-Hillc,1997. axiv,466p.bNAfPhotocopy aIncludes Index aComputer Science aComputer science, information & general works cBK 001040708CSaUITUbUITUd1998-02-04eFair Book Centerg782.00l0o006.32 SCHpQ1633r2024-09-25 07:12:29w2024-09-25yBK c4132d4132